José Caballero (Record no. 176673)

MARC details
000 -LEADER
campo de control de longitud fija 01138nam a2200265 i 4500
001 - NÚMERO DE CONTROL
campo de control 176673
003 - IDENTIFICADOR DE NÚMERO DE CONTROL
campo de control ES-MaACL
005 - FECHA Y HORA DE LA ÚLTIMA TRANSACCIÓN
campo de control 20240527094804.0
007 - CAMPO FIJO DE DESCRIPCIÓN FÍSICA--INFORMACIÓN GENERAL
campo de control de longitud fija t|
008 - DATOS DE LONGITUD FIJA--INFORMACIÓN GENERAL
campo de control de longitud fija 110201s2002 sp a ||||1| spa d
020 ## - NÚMERO INTERNACIONAL ESTÁNDAR DEL LIBRO
Número Internacional Estándar del Libro 84-96008-07-X
080 ## - NÚMERO DE LA CLASIFICACIÓN DECIMAL UNIVERSAL
Número de la Clasificación Decimal Universal 75 Caballero, José (083.824)
100 1# - ENTRADA PRINCIPAL--NOMBRE DE PERSONA
Nombre de persona Caballero, José,
Fechas asociadas al nombre 1915-1991
9 (RLIN) 33084
245 10 - MENCIÓN DEL TÍTULO
Título José Caballero
Resto del título : círculos y sueños /
Mención de responsabilidad, etc. [catálogo de la exposición organizada por Ministerio de Asuntos Exteriores y Sociedad Estatal para la Acción Cultural Exterior ; comisario, Mariano Navarro].
260 ## - PUBLICACIÓN, DISTRIBUCIÓN, ETC.
Lugar de publicación, distribución, etc. Madrid :
Nombre del editor, distribuidor, etc. Sociedad Estatal para la Acción Cultural Exterior :
-- Ministerio de Asuntos Exteriores, Dirección General de Relaciones Culturales y Científicas,
Fecha de publicación, distribución, etc. D. L. 2002.
300 ## - DESCRIPCIÓN FÍSICA
Extensión 130 p. :
Otras características físicas il. col. y n. ;
Dimensiones 28 cm.
504 ## - NOTA DE BIBLIOGRAFÍA, ETC.
Nota de bibliografía, etc. Bibliografía : p. 105-106.
546 ## - NOTA DE IDIOMA
Nota de lengua/lenguaje Texto en español y en inglés.
600 04 - PUNTO DE ACCESO ADICIONAL DE MATERIA--NOMBRE DE PERSONA
Nombre de persona Caballero, José,
Fechas asociadas al nombre 1915-1991-
Subdivisión general Exposiciones
9 (RLIN) 33085
655 #7 - TERMINO DE INDIZACIÓN--GENERO/FORMA
Fuente del término tgfbne
9 (RLIN) 193628
Datos o término principal de género/forma Catálogos de exposiciones
700 1# - ENTRADA AGREGADA--NOMBRE PERSONAL
Nombre de persona Navarro, Mariano.
9 (RLIN) 144963
852 ## - LOCALIZACIÓN
Ubicación ES-MaACL
Número de control de estantería E-14141
942 ## - ELEMENTOS DE ENTRADA SECUNDARIOS (KOHA)
Fuente del sistema de clasificación o colocación Clasificación decimal universal
Holdings
Estatus retirado Estado de pérdida Estado de daño No para préstamo Biblioteca de origen Biblioteca actual Ubicación en estantería Fecha de adquisición Fuente de adquisición Total de préstamos Signatura topográfica completa Código de barras Visto por última vez Precio de reemplazo Tipo de ítem Koha
        Biblioteca del Ateneo de Madrid Biblioteca del Ateneo de Madrid Depósito 2 01/02/2011     E-14141 1185544 23/02/2023 23/02/2023 Libro impreso